| 000 | 00489nam a2200217Ia 4500 | ||
|---|---|---|---|
| 008 | 210210b1908 xxu||||| |||| 00| 0 eng d | ||
| 041 | _aeng | ||
| 082 | _a170/23 | ||
| 100 | _aSETH (James) | ||
| 245 | _aStudy of ethical principles Ed.10 | ||
| 250 | _a | ||
| 260 |
_aLondon _bWilliam Blackwood and Sons _c1908 |
||
| 300 | _axvi,475 | ||
| 650 | _aStudy | ||
| 650 | _aprinciples | ||
| 650 | _aof | ||
| 650 | _aethical | ||
| 650 | _aEd.10 | ||
| 690 | _aEthics | ||
| 906 | _a001232 | ||
| 999 |
_c116119 _d116119 |
||